000 01012 a2200253 4500
005 20080924111043.0
008 080924t xxu||||| |||| 00| 1aeng d
010 _aENG-91123
020 _c450.00
035 _aEN-74656
037 _bDBAD / PUB
040 _adpl
_bEnglish
082 _a819.41
245 _aThe mystic songs of Kanha and Saraha:
_ctranslated into English from French by Pranabesh Sinha Ray
_bthe Doha-Kosa and the Carya /
260 _aKolkata
_bThe Asiatic Socitey
_c2008(repr.).
270 _a1 Park Street,
_bKolkata
_e700016
300 _aix, 350p.
_c23cm. (Hb)
490 _aBibliotheca Indica series; no. 329
500 _aIncludes glossary and index
650 _aApabramsa poetry
_xTranslated into English
700 _aRay, Pranabesh Sinha
942 _adpl
_cEN
_2ddc
_mMYS
_h819.41
999 _c16207
_d16207